Bolívar y la independencia de la América española

Guardat en:
Dades bibliogràfiques
Autor principal: Encina, Francisco Antonio (Autor)
Format: Llibre
Idioma:espanyol
Publicat: Santiago Nascimento 1954
Matèries:
Etiquetes: Afegir etiqueta
Sense etiquetes, Sigues el primer a etiquetar aquest registre!

MARC

LEADER 00000nam a2200000 a 4500
001 UCO2770
003 CL-VaPUC
008 000608e19540000CL |||||||||||||||||spa|d
082 0 4 |a 980.02  |b ENC  |2 21 
100 |a Encina, Francisco Antonio  |e author  |9 515542 
245 1 0 |a Bolívar y la independencia de la América española 
300 |a v 
942 |c BK 
945 |d 20000608 00:00:00  |a rherrera 
260 |a Santiago  |b Nascimento  |c 1954 
500 |a v.1: El Imperio Hispano Hacia 1810 y la Génesis de su Emancipación 
500 |a v.2: La Primera República de Venezuela. Bosquejo Psicológico de Bolívar 
500 |a v.3: Independencia de Nueva Granada y Venezuela 
500 |a v.4: Emancipación de Quito ALto y Bajo Perú 
500 |a v.5: El Duelo con el Sino, la Lucha por la Estructuración Política de los Pueblos Libertados 
600 0 |a Bolívar, Simón   |d 1783-1830  |9 265422 
650 0 |a Historia de américa siglo 19  |9 406763 
650 0 |a Historia de Venezuela  |9 446382 
650 0 |a Biografías  |9 255210 
650 0 |a Independencia Americana  |9 395691 
650 7 |a LIBERTADORES  |2 CL-VaPUC  |9 317968 
650 0 |a Virreinato del Perú  |9 414472 
650 7 |a EJERCITO LIBERTADOR  |2 CL-VaPUC  |9 446383 
650 0 |a Ideologías políticas   |9 255735 
651 0 |a América  |9 255182 
651 0 |a Venezuela  |9 254993 
651 0 |a Perú  |9 256567 
651 0 |a Ecuador  |9 258378 
583 |a last modification  |c 20160829 01:42:31  |k Rodrigo Vera 
999 |c 289265  |d 289263 
952 |0 0  |1 0  |4 0  |6 980_020000000000000_ENC_1954  |7 0  |8 A  |9 337517  |a BIBHIS  |b BIBHIS  |d 2019-11-20  |h v.1  |i 1287087  |o 980.02 ENC 1954  |p 1287087  |r 2025-01-20  |w 2019-11-20  |y BK  |k HIS 
952 |0 0  |1 0  |4 0  |6 980_020000000000000_ENC_1954  |7 0  |8 A  |9 337518  |a BIBHIS  |b BIBHIS  |d 2019-11-20  |h v.2  |i 1287060  |o 980.02 ENC 1954  |p 1287060  |r 2025-01-20  |w 2019-11-20  |y BK  |k HIS 
952 |0 0  |1 0  |4 0  |6 980_020000000000000_ENC_1954  |7 0  |8 A  |9 337519  |a BIBHIS  |b BIBHIS  |d 2019-11-20  |h v.3 p.1  |i 1287044  |o 980.02 ENC 1954  |p 1287044  |r 2025-01-20  |w 2019-11-20  |y BK  |k HIS 
952 |0 0  |1 0  |4 0  |6 980_020000000000000_ENC_1954  |7 0  |8 A  |9 337520  |a BIBHIS  |b BIBHIS  |d 2019-11-20  |h v.3 p.2  |i 1287052  |o 980.02 ENC 1954  |p 1287052  |r 2025-01-20  |w 2019-11-20  |y BK  |k HIS 
952 |0 0  |1 0  |4 0  |6 980_020000000000000_ENC_1954  |7 0  |8 A  |9 337521  |a BIBHIS  |b BIBHIS  |d 2019-11-20  |h v.4  |i 1287079  |o 980.02 ENC 1954  |p 1287079  |r 2025-01-20  |w 2019-11-20  |y BK  |k HIS 
952 |0 0  |1 0  |4 0  |6 980_020000000000000_ENC_1954  |7 0  |8 A  |9 337522  |a BIBHIS  |b BIBHIS  |d 2019-11-20  |h v.5 p.1  |i 1287095  |o 980.02 ENC 1954  |p 1287095  |r 2025-01-20  |w 2019-11-20  |y BK  |k HIS 
952 |0 0  |1 0  |4 0  |6 980_020000000000000_ENC_1954  |7 0  |8 A  |9 337523  |a BIBHIS  |b BIBHIS  |d 2019-11-20  |h v.5 p.2  |i 1287109  |o 980.02 ENC 1954  |p 1287109  |r 2025-01-20  |w 2019-11-20  |y BK  |k HIS 
952 |0 0  |1 0  |4 0  |6 980_020000000000000_ENC_1954  |7 0  |8 A  |9 337524  |a BIBHIS  |b BIBHIS  |d 2019-11-20  |h v.5 p.1  |i 1287125  |o 980.02 ENC 1954  |p 1287125  |r 2025-01-20  |w 2019-11-20  |y BK  |k HIS 
952 |0 0  |1 0  |4 0  |6 980_020000000000000_ENC_1954  |7 0  |8 A  |9 337525  |a BIBHIS  |b BIBHIS  |d 2019-11-20  |h v.5 p.2  |i 1287117  |o 980.02 ENC 1954  |p 1287117  |r 2025-01-20  |w 2019-11-20  |y BK  |k HIS 
952 |0 0  |1 0  |4 0  |6 980_020000000000000_ENC_1954  |7 0  |8 P  |9 337526  |a BIBARQ  |b BIBARQ  |d 2019-11-20  |h v.4  |i 2660482  |o 980.02 ENC 1954  |p 2660482  |r 2025-01-20  |w 2019-11-20  |y BK  |k ARQ